000
00325nam a2200133Ia 4500
008
220216s9999 xx 000 0 und d
100
_a
John K P
245
0
_a
Rhizoctonia and other disease of cover plants
260
_b
Planter
_c
1964
300
_a
394-396
650
_a
Cover plants
650
_a
Rhizoctonia
942
_c
JS
999
_c
67099
_d
67099